000
00211 a2200097 4500
001
47460
100
_a
Middlemas K
245
_a
Command the far seas
260
_a
London
_b
Hutchinson
_c
090
_c
30484
_d
30484
942
_a
NUST-CAE
_c
M
_c
22763
999
_c
282533
_d
282533